| 000 | 00868cam a2200289 a 4500 | ||
|---|---|---|---|
| 001 | 2437301 | ||
| 003 | PILC | ||
| 005 | 20160120143509.0 | ||
| 008 | 880524s1988 nyuab 000 1 eng | ||
| 010 | _a 88019001 | ||
| 020 | _a0671737120 | ||
| 040 |
_aDLC _cDLC _dDLC _dOCoLC |
||
| 043 |
_an-us--- _ae-ur--- _aa-ir--- |
||
| 050 | 0 | 0 |
_aPS 3553.O948 _b.C881 1989 |
| 082 | 0 | 0 |
_aFIC _bC83s 1989 |
| 100 | 1 |
_aCoyle, Harold, _d1952- _918504 |
|
| 245 | 1 | 0 |
_aSword point : _ba novel _cHarold Coyle |
| 260 |
_aNew York : _bPocket Books, _cc1989. |
||
| 300 |
_axvii,428 p. : _c17 cm. |
||
| 562 | _e1 | ||
| 650 | 0 |
_aFiction. _9746 |
|
| 655 | 7 |
_aWar stories. _2gsafd _94878 |
|
| 906 |
_a7 _bcbc _corignew _d1 _eocip _f19 _gy-gencatlg |
||
| 942 |
_2lcc _cBK |
||
| 999 |
_c10983 _d10983 |
||